Normal view
MARC view
Entry Personal Name
001 - CONTROL NUMBER
- control field: 12482
003 - CONTROL NUMBER IDENTIFIER
- control field: ARRUPE
005 - DATE AND TIME OF LATEST TRANSACTION
- control field: 20141107114943.0
008 - FIXED-LENGTH DATA ELEMENTS
- fixed length control field: 141107|| aca||aabn | a|a d
040 ## - CATALOGING SOURCE
- Original cataloging agency: ARRUPE
- Transcribing agency: ARRUPE
100 ## - HEADING--PERSONAL NAME
- Personal name: Pratt, Fletcher,
- Dates associated with a name: 1897-1956.
670 ## - SOURCE DATA FOUND
- Source citation: Work cat.: (ARRUPE)0: Pratt, Fletcher, 1897-1956., A short history of the Civil War :, 1997.